| Record ID | ia:theanalystoradis00berkuoft |
| Source | Internet Archive |
| Download MARC XML | https://archive.org/download/theanalystoradis00berkuoft/theanalystoradis00berkuoft_marc.xml |
| Download MARC binary | https://www.archive.org/download/theanalystoradis00berkuoft/theanalystoradis00berkuoft_meta.mrc |
LEADER: 01600cam 22003130a 4500
008 841108s1734 enka b 1 eng d
035 $a(Sirsi) AHL-4461
039 $aRB127425$ecop. 1$fP.O.
039 $aRB224731$ecop. 2$fPJC
040 $aCaOTUTF$beng$cCaOTUTF
100 1 $aBerkeley, George,$d1685-1753.
245 14 $aThe analyst, or, A discourse addressed to an infidel mathematician :$bwherein it is examined whether the object, principles, and inferences of the modern analysis are more distinctly conceived, or more evidently deduced, than religious mysteries and points of faith /$cby the author of The minute philosopher.
246 3 $aDiscourse addressed to an infidel mathematician
260 $aLondon :$bPrinted for J. Tonson ...,$c1734.
300 $a[10], [3]-94 p. :$bdiagrs.
500 $aThe author of The minute philosopher = George Berkeley. Cf. Halkett & Laing
500 $aPossibly directed against Edmond Halley, or Sir Isaac Newton.
504 $aIncludes bibliographical references and index.
590 $aFisher copy 2: With the armorial bookplate of George Gipps [Franks 11973].$5CaOTUTF
600 10 $aHalley, Edmond,$d1656-1742.
600 10 $aNewton, Isaac,$cSir,$d1642-1727.
650 0 $aMathematics$xPhilosophy$yEarly works to 1800.
650 0 $aReason$yEarly works to 1800.
650 0 $aLogic, Symbolic and mathematical$yEarly works to 1800
700 1 $aGipps, George,$cSir,$d1791-1847$e(bookplate)
948 $a07/15/1992$b01/24/1993
596 $a32
926 $aFISHER$bRAREBOOKS$cB-11 07680$dBOOK$f1
926 $aFISHER$bRAREBOOKS$cWalsh 00062$dBOOK$f2